Statistics for 2004 NHL Entry Draft 1st Round Selections

Click here to take the quiz!

General Stats

  • This quiz has been taken 70 times
  • The average score is 6 of 30

Answer Stats

PickPlayerJunior TeamNHL Team% Correct
1Alexander OvechkinDynamo MoscowWashington Capitals
100%
2Evgeni MalkinMetallurg MagnitogorskPittsburgh Penguins
100%
3Cam BarkerMedicine Hat TigersChicago Blackhawks
42%
5Blake WheelerBreck SchoolPhoenix Coyotes
36%
4Andrew LaddCalgary HitmenCarolina Hurricanes
31%
6Al MontoyaUniversity of MichiganNY Rangers
19%
19Lauri KorpikoskiTPS Jrs.NY Rangers
19%
18Kyle ChipchuraPrince Albert RaidersMontreal Canadiens
17%
29Mike GreenSaskatoon BladesWashington Capitals
17%
15Alexander RadulovTHK TverNashville Predators
14%
10Boris ValabikKitchener RangersAtlanta Thrashers
14%
14Devan DubnykKamloops BlazersEdmonton Oilers
14%
11Lauri TukonenEspoo BluesLA Kings
14%
16Petteri NokelainenSaiPaNY Islanders
14%
7Rostislav OleszHC VitkoviceFlorida Panthers
14%
20Travis ZajacSalmon Arm SilverbacksNJ Devils
14%
12AJ ThelenMichigan State UniversityMinnesota Wild
11%
8Alexandre PicardLewiston MaineiacsColumbus Blue Jackets
11%
30Andy RogersCalgary HitmenTB Lightning
11%
26Cory SchneiderPhillips AcademyVancouver Canucks
11%
13Drew StaffordUniversity of North DakotaBuffalo Sabres
11%
27Jeff SchultzCalgary HitmenWashington Capitals
11%
24Kris ChuckoSalmon Arm SilverbacksCalgary Flames
11%
9Ladislav SmidBili Tygri LiberecAnaheim Mighty Ducks
11%
22Lukas KasparHC ChemopetrolSJ Sharks
11%
25Rob SchrempLondon KnightsEdmonton Oilers
11%
21Wojtek WolskiBrampton BattalionColorado Avalanche
11%
23Andrej MeszarosVancouver GiantsOttawa Senators
8%
17Marek SchwarzSparta PragueSt Louis Blues
8%
28Mark FistricVancouver GiantsDallas Stars
8%

Score Distribution

Percentile by Number Answered

Percent of People with Each Score

Your Score History

You have not taken this quiz